The Atlantic alliance under stress : (Record no. 59702)

MARC details
000 -LEADER
campo de control de longitud fija 01784cam a22004214a 4500
001 - NÚMERO DE CONTROL
campo de control 110017
005 - FECHA Y HORA DE LA ÚLTIMA TRANSACCIÓN
campo de control 20230410121203.0
008 - DATOS DE LONGITUD FIJA--INFORMACIÓN GENERAL
campo de control de longitud fija 050322s2005 enk b 001 0 eng
035 ## - NÚMERO DE CONTROL DEL SISTEMA
Número de control de sistema 13908022
010 ## - NÚMERO DE CONTROL DE LA BIBLIOTECA DEL CONGRESO
Número de control de LC 2005046980
016 7# - NÚMERO DE CONTROL DE UNA AGENCIA BIBLIOGRÁFICA NACIONAL
Número de control del registro 013135832
Fuente Uk
020 ## - NÚMERO INTERNACIONAL ESTÁNDAR DEL LIBRO
Número Internacional Estándar del Libro 0521849276
020 ## - NÚMERO INTERNACIONAL ESTÁNDAR DEL LIBRO
Número Internacional Estándar del Libro 0521614082 (pbk.)
020 ## - NÚMERO INTERNACIONAL ESTÁNDAR DEL LIBRO
Número Internacional Estándar del Libro 9780521849272
020 ## - NÚMERO INTERNACIONAL ESTÁNDAR DEL LIBRO
Número Internacional Estándar del Libro 9780521614085 (pbk.)
035 ## - NÚMERO DE CONTROL DEL SISTEMA
Número de control de sistema (OCoLC)ocm58604641
040 ## - FUENTE DE CATALOGACIÓN
Centro catalogador/agencia de origen DLC
Centro/agencia transcriptor DLC
Centro/agencia modificador UKM
-- BAKER
-- BWKUK
-- PUL
-- DLC
042 ## - CÓDIGO DE AUTENTICACIÓN
Código de autenticación pcc
043 ## - CÓDIGO DE ÁREA GEOGRÁFICA
Código de área geográfica n-us---
-- e------
-- a-iq---
050 14 - SIGNATURA TOPOGRÁFICA DE LA BIBLIOTECA DEL CONGRESO
Número de clasificación JZ 1480
Número de ítem A881 2005
082 00 - NÚMERO DE LA CLASIFICACIÓN DECIMAL DEWEY
Número de clasificación 327.7304/09/0511
245 04 - MENCIÓN DEL TÍTULO
Título The Atlantic alliance under stress :
Resto del título US-European relations after Iraq /
Mención de responsabilidad, etc. edited by David M. Andrews.
260 ## - PUBLICACIÓN, DISTRIBUCIÓN, ETC.
Lugar de publicación, distribución, etc. Cambridge, UK ;
-- New York :
Nombre del editor, distribuidor, etc. Cambridge University Press,
Fecha de publicación, distribución, etc. 2005.
300 ## - DESCRIPCIÓN FÍSICA
Extensión x, 293 p. ;
Dimensiones 24 cm.
500 ## - NOTA GENERAL
Nota general Based on a series of seminars held 2002-2004 at the European University Institute and organized by the Transatlantic Programme of the Robert Schuman Centre for Advanced Studies.
504 ## - NOTA DE BIBLIOGRAFÍA, ETC.
Nota de bibliografía, etc. Includes bibliographical references (p. 267-281) and index.
651 #0 - PUNTO DE ACCESO ADICIONAL DE MATERIA--NOMBRE GEOGRÁFICO
Nombre geográfico United States
Subdivisión general Foreign relations
Subdivisión geográfica Europe.
651 #0 - PUNTO DE ACCESO ADICIONAL DE MATERIA--NOMBRE GEOGRÁFICO
Nombre geográfico Europe
Subdivisión general Foreign relations
Subdivisión geográfica United States.
650 #0 - PUNTO DE ACCESO ADICIONAL DE MATERIA--TÉRMINO DE MATERIA
Término de materia o nombre geográfico como elemento de entrada Iraq War, 2003-2011
Subdivisión general Influence.
651 #4 - PUNTO DE ACCESO ADICIONAL DE MATERIA--NOMBRE GEOGRÁFICO
Nombre geográfico Estados Unidos
Subdivisión general Relaciones exteriores
Subdivisión geográfica Europa.
651 #4 - PUNTO DE ACCESO ADICIONAL DE MATERIA--NOMBRE GEOGRÁFICO
Nombre geográfico Europa
Subdivisión general Relaciones exteriores
Subdivisión geográfica Estados Unidos.
700 1# - ENTRADA AGREGADA--NOMBRE PERSONAL
Nombre de persona Andrews, David M.
856 42 - LOCALIZACIÓN Y ACCESO ELECTRÓNICOS
Materiales especificados Publisher description
Identificador Uniforme de Recursos <a href="http://www.loc.gov/catdir/enhancements/fy0632/2005046980-d.html">http://www.loc.gov/catdir/enhancements/fy0632/2005046980-d.html</a>
856 41 - LOCALIZACIÓN Y ACCESO ELECTRÓNICOS
Materiales especificados Table of contents only
Identificador Uniforme de Recursos <a href="http://www.loc.gov/catdir/enhancements/fy0632/2005046980-t.html">http://www.loc.gov/catdir/enhancements/fy0632/2005046980-t.html</a>
856 42 - LOCALIZACIÓN Y ACCESO ELECTRÓNICOS
Materiales especificados Contributor biographical information
Identificador Uniforme de Recursos <a href="http://www.loc.gov/catdir/enhancements/fy0733/2005046980-b.html">http://www.loc.gov/catdir/enhancements/fy0733/2005046980-b.html</a>
942 ## - ELEMENTOS DE ENTRADA SECUNDARIOS (KOHA)
Fuente del sistema de clasificación o colocación Clasificación de Library of Congress
Tipo de ítem Koha
946 ## - PROCESAMIENTO DE INFORMACIÓN LOCAL (OCLC)
a YSL
Holdings
Estatus retirado Estado de pérdida Fuente del sistema de clasificación o colocación Estado de daño No para préstamo Colección Biblioteca de origen Biblioteca actual Ubicación en estantería Fecha de adquisición Serial enumeration / chronology Signatura topográfica completa Código de barras Visto por última vez Copia número Tipo de ítem Koha
    Clasificación de Library of Congress     Ciencias Sociales Biblioteca Juan Bosch Biblioteca Juan Bosch Ciencias Sociales (3er. Piso) 10/04/2023 1 JZ 1480 A881 2005 00000104023 24/10/2018 1